00435nam a2200157Ia 4500003000900000008004100009020002200050040001600072080001700088100002000105245003700125260003900162300001600201650002000217650004000237IN-BaIIA211028s9999 xx 000 0 eng d a978-0-486-26620-6 cIIA Library a52(091)bHEA aHeath, Thomas L 0aGreek astronomycThomas L. Heath aNew YorkbDover Publicationsc1991 alvii, 192p. aAstronomy-Greek aAstronomy-Greek-Early works to 1800